000 00271nam a22001217a 4500
008 170612b xxu||||| |||| 00| 0 eng d
041 _aeng
080 _a94(4)
100 _a17
101 _aSHH
245 _aREADINGS IN RUSSIAN CIVILIZATION
_cRIHA,TH
942 _2udc
_cBK
999 _c17007
_d17007